Xin kuan, kuan xin (Chinese) = to be at ease

Bibliographic Details
Main Author: He Quan Feng
Format: Book
Published: Tabei : Da Zhang shu ju chu ben Publishers , 2007
Subjects:

MARC

LEADER 00000cam a2200000 7i4500
001 0000026231
005 20150201.0
008 090430
020 |a 9814144908 
090 0 0 |a 158.1   |b HEQ 
100 1 |a He Quan Feng 
245 1 0 |a Xin kuan, kuan xin (Chinese) = to be at ease   |c He Quan Feng 
260 |a Tabei :   |b Da Zhang shu ju chu ben Publishers ,   |c 2007 
650 0 |a Conduct of life 
999 |a 0001037152   |b Book   |c Chinese Collection   |e Perbadanan Perpustakaan Awam Johor